000 00508nam a2200217Ia 4500
005 20250425161243.0
008 250425s9999 xx 000 0 und d
041 _aeng
082 _a530
100 _aBEISER, ARTHUR
245 0 _aINTRODUCTION TO PHYSICS AND CHEMISTRY
250 _a2ND ED.
260 _aEstados Unidos
_bMCGRAW-HILL
_c1969
260 _aNEW YORK
300 _a696
650 _aFISICA
650 _aQUIMICA
700 _aKRAUSKOPF, KONRAD B.
942 _c01
010 _a16191
999 _c205511
_d205511